[Event "Titled Tue 1st Jul Late"]
[Site "chess.com INT"]
[Date "2025.07.01"]
[Round "1"]
[White "Sturt, Raven"]
[Black "Baker, Aidan"]
[Result "1-0"]
[WhiteTitle "GM"]
[WhiteElo "2459"]
[BlackElo "2130"]
[WhiteFideId "2007304"]
[BlackFideId "30981565"]
[EventDate "2025.07.01"]

1. f4 d5 2. Nf3 Nf6 3. e3 c5 4. b3 Nc6 5. Bb2 g6 6. Bb5 Bg7 7. Bxc6+ bxc6 8. Nc3
O-O 9. Na4 Qa5 10. O-O Ba6 11. d3 Ng4 12. Bxg7 Kxg7 13. Qe1 Qxe1 14. Raxe1 c4
15. Nc5 Bc8 16. h3 Nf6 17. Ne5 cxd3 18. cxd3 h5 19. Nxc6 Bf5 20. Nxe7 Be6 21.
Rc1 Rfe8 22. Nc6 Rec8 23. Nd4 Bd7 24. Kf2 a5 25. a3 Be8 26. Rc2 a4 27. b4 Nd7
28. Rfc1 Nb6 29. Nb7 Rxc2+ 30. Rxc2 Rb8 31. Nd6 Bd7 32. Rc7 Rd8 33. Nb7 Rc8 34.
Rxc8 Bxc8 35. Nc5 Kf6 36. Kf3 Ke7 37. g4 hxg4+ 38. hxg4 f5 39. g5 Kd6 40. Ke2
Nd7 41. Nce6 Ke7 42. Nc7 Kd6 43. Ncb5+ Ke7 44. Nc6+ Ke8 45. Nd6+ 1-0

[Event "Titled Tue 1st Jul Late"]
[Site "chess.com INT"]
[Date "2025.07.01"]
[Round "1"]
[White "Liu, Zachary Hankun"]
[Black "Goltsev, Dmitry"]
[Result "0-1"]
[BlackTitle "FM"]
[WhiteElo "2067"]
[BlackElo "2180"]
[WhiteFideId "2640287"]
[BlackFideId "24176710"]
[EventDate "2025.07.01"]

1. Nf3 d5 2. g3 c6 3. Bg2 Nf6 4. O-O g6 5. c4 Bg7 6. b3 O-O 7. Bb2 Nbd7 8. d3
Re8 9. e3 e5 10. Nc3 e4 11. dxe4 Nxe4 12. Qc1 Ndc5 13. Rd1 Be6 14. Nxe4 Nxe4 15.
Bxg7 Kxg7 16. Nd4 Nf6 17. c5 Qe7 18. b4 a6 19. Qb2 Kg8 20. Rac1 Bg4 21. Re1 Nd7
22. h3 Be6 23. Qc3 Ne5 24. e4 dxe4 25. Rxe4 Nd7 26. Rce1 Nf6 27. R4e2 Rad8 28.
Nxe6 fxe6 29. a3 Qf7 30. h4 Nd5 31. Qe5 Re7 32. Bh3 Nc7 33. Re4 Rde8 34. Kg2 Qg7
35. Rd1 Qxe5 36. Rxe5 Nd5 37. Rd3 Kg7 38. f4 Kf6 39. Kf3 h5 40. Ke4 Rd7 41. Kf3
Ree7 42. Rd4 Nc7 43. Ree4 Kf7 44. Rd6 Kf6 45. Red4 Nd5 46. Rxd7 Rxd7 47. Re4 Nc7
48. Ke3 Rd1 49. Rd4 Rxd4 50. Kxd4 Nb5+ 51. Ke4 Nxa3 52. Bf1 Nc2 0-1

[Event "Titled Tue 1st Jul Late"]
[Site "chess.com INT"]
[Date "2025.07.01"]
[Round "1"]
[White "Alvir, Aco"]
[Black "Bazan Romero, Octavio Aaron"]
[Result "1-0"]
[WhiteTitle "IM"]
[BlackTitle "FM"]
[WhiteElo "2239"]
[BlackElo "2289"]
[WhiteFideId "14400367"]
[BlackFideId "20003943"]
[EventDate "2025.07.01"]

1. e4 c5 2. Nf3 d6 3. d4 cxd4 4. Nxd4 Nf6 5. Nc3 g6 6. Be2 Bg7 7. O-O O-O 8. Re1
Nc6 9. Nb3 Be6 10. Bf1 a5 11. a4 Rc8 12. Nd5 Nb4 13. c4 Nfxd5 14. exd5 Bf5 15.
Nd4 Bxd4 16. Qxd4 Nc2 17. Qc3 Nxe1 18. Bh6 f6 19. Rxe1 Rf7 20. h3 Bd7 21. b3 Kh8
22. Be3 Kg7 23. Bd4 Be8 24. g4 h6 25. f4 Bd7 26. Bd3 Qh8 27. Rxe7 Kg8 28. Re3
Qg7 29. Qxa5 Re7 30. Qe1 Rce8 31. Rxe7 Rxe7 32. Qc3 Kf7 33. Kf2 h5 34. g5 Qf8
35. gxf6 Re8 36. Qc2 Qg8 37. h4 Bg4 38. c5 Rc8 39. c6 bxc6 40. dxc6 Qe8 41.
Bxg6+ 1-0

[Event "Titled Tue 1st Jul Late"]
[Site "chess.com INT"]
[Date "2025.07.01"]
[Round "1"]
[White "Hernandez Samayoa, Dilan Alexander"]
[Black "Shuvalov, Evgenij"]
[Result "0-1"]
[WhiteElo "2006"]
[BlackElo "1986"]
[WhiteFideId "7306679"]
[BlackFideId "4187237"]
[EventDate "2025.07.01"]

1. e4 e6 2. d4 d5 3. Nd2 Nc6 4. Ngf3 Nf6 5. e5 Nd7 6. Bb5 a6 7. Bxc6 bxc6 8. O-O
c5 9. c3 cxd4 10. cxd4 c5 11. Re1 Be7 12. dxc5 Nxc5 13. Nb3 Nxb3 14. Qxb3 O-O
15. Be3 a5 16. Rac1 a4 17. Qb6 Qxb6 18. Bxb6 Ba6 19. Rc7 Bd8 20. Rc6 Bb5 21. Rc5
Bc4 22. Bxd8 Rfxd8 23. b3 axb3 24. axb3 Bxb3 25. Nd4 Bc4 26. h3 h6 27. Rb1 Rdb8
28. Rxb8+ Rxb8 29. Rc7 Rb1+ 30. Kh2 Re1 31. Nc6 Bb5 32. Ne7+ Kh7 33. Nc8 Rxe5
34. Nd6 Ba4 35. Nxf7 Re2 36. Kg3 Kg6 37. Nd6 d4 38. Ra7 Bc6 39. Rc7 Rc2 40. Ne8
Rc3+ 41. Kh2 Bxe8 0-1

[Event "Titled Tue 1st Jul Late"]
[Site "chess.com INT"]
[Date "2025.07.01"]
[Round "1"]
[White "Sindarov, Javokhir"]
[Black "Yatskar, Martin"]
[Result "1-0"]
[WhiteTitle "GM"]
[BlackTitle "CM"]
[WhiteElo "2710"]
[BlackElo "2225"]
[WhiteFideId "14205483"]
[BlackFideId "34109676"]
[EventDate "2025.07.01"]

1. Nf3 d5 2. g3 c5 3. Bg2 Nc6 4. O-O e5 5. d3 Be7 6. c4 d4 7. b4 cxb4 8. a3 a5
9. axb4 Bxb4 10. Qa4 Bd7 11. Qb5 Qc7 12. Ba3 Bxa3 13. Nxa3 Nge7 14. Qc5 O-O 15.
Nb5 Qb8 16. Rfb1 b6 17. Qd6 Qxd6 18. Nxd6 Rfb8 19. Nxe5 Nxe5 20. Bxa8 Rxa8 21.
Rxb6 a4 22. Rb7 Rd8 23. Nb5 Bxb5 24. Rxb5 N7g6 25. Rxa4 h5 26. Rd5 Re8 27. Rxd4
f5 28. Rd5 Ng4 29. e3 N6e5 30. Kg2 Nf6 31. Rd6 Nf7 32. Rda6 Kh7 33. Ra8 Re7 34.
R4a7 Nd7 35. d4 g5 36. c5 f4 37. c6 1-0

[Event "Titled Tue 1st Jul Late"]
[Site "chess.com INT"]
[Date "2025.07.01"]
[Round "1"]
[White "Santos, Antonio P"]
[Black "Craciun, Sasha-Matei"]
[Result "0-1"]
[WhiteTitle "FM"]
[BlackTitle "FM"]
[WhiteElo "2165"]
[BlackElo "2320"]
[WhiteFideId "1900161"]
[BlackFideId "1281186"]
[EventDate "2025.07.01"]

1. d4 d5 2. c4 e6 3. Nf3 Nf6 4. g3 Bb4+ 5. Bd2 Be7 6. Bg2 O-O 7. O-O c6 8. Qc2
b6 9. Bf4 Nbd7 10. Nbd2 Bb7 11. e4 h6 12. cxd5 cxd5 13. e5 Nh7 14. Rac1 a5 15.
h4 Nb8 16. Nb1 Nc6 17. Nc3 Nb4 18. Qd2 Ba6 19. Rfd1 Nd3 20. Rb1 Nxf4 21. Qxf4 b5
22. Rbc1 Qd7 23. Qd2 Rfc8 24. Bf1 b4 25. Ne2 Nf8 26. Nf4 Bxf1 27. Kxf1 Qa4 28.
b3 Qb5+ 29. Kg2 a4 30. Nd3 Nd7 31. Rxc8+ Rxc8 32. Rc1 Rxc1 33. Nxc1 axb3 34.
axb3 Nb8 35. Qd3 Qc6 36. Ne2 Qb6 37. g4 Nc6 38. g5 hxg5 39. hxg5 g6 40. Kg3 Qd8
41. Qe3 Kg7 42. Neg1 Qc7 43. Nh3 Na5 44. Nf4 Qc2 45. Qd3 Qxd3 46. Nxd3 Nxb3 47.
Kf4 Na5 48. Nd2 b3 49. Nb2 Ba3 50. Na4 Bb4 51. Nb1 Nc4 52. Nac3 b2 53. Na2 Be7
54. Kg4 Bd8 55. f4 Bb6 0-1

[Event "Titled Tue 1st Jul Late"]
[Site "chess.com INT"]
[Date "2025.07.01"]
[Round "1"]
[White "Turcsanyi, Vince Gergo"]
[Black "Sheehan, Ethan"]
[Result "0-1"]
[WhiteTitle "FM"]
[WhiteElo "2312"]
[BlackElo "2364"]
[WhiteFideId "791784"]
[BlackFideId "30943965"]
[EventDate "2025.07.01"]

1. e4 c5 2. Nc3 Nc6 3. f4 g6 4. Nf3 Bg7 5. Bc4 e6 6. f5 Nge7 7. fxe6 dxe6 8. d3
a6 9. a4 O-O 10. O-O Qc7 11. Qe1 Ne5 12. Nxe5 Bxe5 13. Qh4 Nc6 14. Ne2 Bd7 15.
Rf3 b5 16. Rh3 h5 17. Bb3 c4 18. dxc4 bxc4 19. Bxc4 Nd4 20. c3 Nc2 21. Bd3 Nxa1
22. Ng3 Qc5+ 23. Kh1 Qf2 24. Qg5 Bf6 25. Qh6 Bg7 26. Qg5 Bc6 27. Be3 Qf6 0-1

[Event "Titled Tue 1st Jul Late"]
[Site "chess.com INT"]
[Date "2025.07.01"]
[Round "1"]
[White "Tikhonov, Viacheslav"]
[Black "Erdogmus, Yagiz Kaan"]
[Result "0-1"]
[WhiteTitle "CM"]
[BlackTitle "GM"]
[WhiteElo "2183"]
[BlackElo "2626"]
[WhiteFideId "44196407"]
[BlackFideId "44599790"]
[EventDate "2025.07.01"]

1. e4 c5 2. Nf3 b6 3. d4 cxd4 4. Nxd4 Bb7 5. Bd3 a6 6. O-O e6 7. c4 Qc7 8. Nc3
Nf6 9. Qe2 Bd6 10. h3 Bh2+ 11. Kh1 Be5 12. Be3 Nc6 13. Nxc6 Bxc3 14. Nd4 Bb4 15.
Bg5 Bd6 16. Rae1 Bf4 17. Bh4 d6 18. Qf3 Be5 19. Nc2 Bxb2 20. Rb1 Be5 21. Qe3 Nd7
22. f4 Bf6 23. Bxf6 gxf6 24. f5 Qc5 25. Qg3 O-O-O 26. fxe6 fxe6 27. Qf2 Qxf2 28.
Rxf2 Nc5 29. Be2 Nxe4 30. Rf4 Ng3+ 31. Kh2 Nxe2 32. Rxf6 Kc7 33. Rxe6 Rde8 34.
Rf6 Re7 35. Rbf1 Rg8 36. R1f2 Nc3 37. Nb4 Ne4 38. Rf7 Rg7 39. Rxe7+ Rxe7 40. Re2
Re5 41. Nd5+ Bxd5 42. cxd5 Nc3 43. Rc2 Re3 44. Kg1 Kd7 45. Kf2 Nxd5 46. Rd2 Re5
47. a4 Ke6 48. a5 Nf6 49. axb6 Ne4+ 0-1

[Event "Titled Tue 1st Jul Late"]
[Site "chess.com INT"]
[Date "2025.07.01"]
[Round "1"]
[White "Nicot, Valentin"]
[Black "Assaad, Joe"]
[Result "0-1"]
[WhiteTitle "CM"]
[BlackTitle "CM"]
[WhiteElo "2206"]
[BlackElo "2170"]
[WhiteFideId "651002477"]
[BlackFideId "5310504"]
[EventDate "2025.07.01"]

1. d4 f5 2. Nf3 Nf6 3. g3 e6 4. Bg2 Be7 5. O-O O-O 6. c4 d6 7. Nc3 Ne4 8. Nxe4
fxe4 9. Nd2 d5 10. f3 Nc6 11. fxe4 Rxf1+ 12. Bxf1 dxc4 13. e3 e5 14. Bxc4+ Kh8
15. d5 Nb8 16. Qh5 Nd7 17. Nf3 Bf6 18. Bd2 g6 19. Qh6 Nb6 20. Bb3 Bg4 21. Rf1
Qe7 22. Bc3 Nd7 23. Nh4 Bh5 24. Nf3 Rf8 25. Bd1 Bg7 26. Qg5 Qxg5 27. Nxg5 Rxf1+
28. Kxf1 Bxd1 29. Ne6 c6 30. dxc6 bxc6 31. Nd8 c5 32. Nc6 a6 33. b3 Bc2 0-1

[Event "Titled Tue 1st Jul Late"]
[Site "chess.com INT"]
[Date "2025.07.01"]
[Round "1"]
[White "Beyer, Lorenz"]
[Black "Cieslak, Patryk"]
[Result "0-1"]
[WhiteTitle "CM"]
[BlackTitle "FM"]
[WhiteElo "2226"]
[BlackElo "2442"]
[WhiteFideId "16245393"]
[BlackFideId "21078882"]
[EventDate "2025.07.01"]

1. d4 d6 2. Bf4 c5 3. e3 cxd4 4. exd4 Qb6 5. Nc3 Nf6 6. Rb1 g6 7. Nf3 Bg7 8. h3
O-O 9. Be2 Nc6 10. O-O Bf5 11. a3 Rac8 12. Na4 Qd8 13. c4 Bxb1 14. Qxb1 Nxd4 15.
Nxd4 e5 16. Nb5 exf4 17. Rd1 Ne8 18. Bf3 a6 19. Nbc3 Rxc4 20. Bxb7 Qa5 21. Rd5
Qd8 22. Bxa6 Rd4 23. Be2 Rxd5 24. Nxd5 Nc7 25. Nxf4 Ne6 26. Nd5 Nc5 27. Nac3 Re8
28. Bf3 Nb3 29. Qd1 Nd4 30. b4 h5 31. Ne4 f5 32. Nec3 Kh8 33. b5 Re5 34. g3 Re1+
35. Qxe1 Nxf3+ 36. Kf1 Nxe1 37. Kxe1 Qa5 38. Kd2 Qxa3 39. b6 Qb2+ 40. Kd3 Bxc3
41. Nxc3 Qb3 42. b7 Qxb7 0-1

[Event "Titled Tue 1st Jul Late"]
[Site "chess.com INT"]
[Date "2025.07.01"]
[Round "1"]
[White "Maghsoodloo, Parham"]
[Black "Tao, Sihan"]
[Result "1-0"]
[WhiteTitle "GM"]
[BlackTitle "FM"]
[WhiteElo "2691"]
[BlackElo "2202"]
[WhiteFideId "12539929"]
[BlackFideId "30982677"]
[EventDate "2025.07.01"]

1. d4 Nf6 2. c4 e6 3. Nf3 Bb4+ 4. Nbd2 d6 5. g3 O-O 6. Bg2 Qe7 7. O-O e5 8. Nb3
exd4 9. Nfxd4 Re8 10. e4 a5 11. a3 Bc5 12. Nxc5 dxc5 13. Nb5 Nc6 14. Bf4 Ne5 15.
Bxe5 Qxe5 16. f4 Qe7 17. e5 Ng4 18. Re1 Rd8 19. Qf3 Nh6 20. Rad1 Rxd1 21. Qxd1
Rb8 22. Qd2 b6 23. h3 Nf5 24. g4 Nh4 25. Rd1 Be6 26. Na7 Re8 27. Bc6 Rf8 28. b3
a4 29. Qe3 axb3 30. Qxb3 Rd8 31. Rxd8+ Qxd8 32. Bd5 g6 33. Nc6 Qd7 34. Qg3 g5
35. f5 Bxd5 36. cxd5 Kf8 37. Qd3 b5 38. Qxb5 h5 39. Qb8+ Kg7 40. f6+ Kh7 41. Qf8 1-0

[Event "Titled Tue 1st Jul Late"]
[Site "chess.com INT"]
[Date "2025.07.01"]
[Round "1"]
[White "Vijayakumar, Rishi"]
[Black "Wang, Justin Zhide"]
[Result "0-1"]
[WhiteTitle "FM"]
[BlackTitle "CM"]
[WhiteElo "2333"]
[BlackElo "2085"]
[WhiteFideId "2408953"]
[BlackFideId "4312830"]
[EventDate "2025.07.01"]

1. d4 e5 2. dxe5 Nc6 3. Nf3 Qe7 4. Bf4 Qb4+ 5. Bd2 Qxb2 6. Nc3 Bb4 7. Rb1 Qxc3
8. Bxc3 Bxc3+ 9. Nd2 Bxe5 10. e3 Nf6 11. Bd3 O-O 12. O-O b6 13. Nc4 Bb7 14. a3
Rad8 15. f4 Bc3 16. Rb3 Ba5 17. Ne5 Rfe8 18. Rb5 Bc3 19. Bc4 d5 20. Bb3 a6 21.
Nxf7 axb5 22. Nxd8 Nxd8 23. Qd3 Ba5 24. g4 c5 25. Qxb5 Bc6 26. Qa6 c4 27. g5 Nd7
28. Ba2 Ne6 29. Bxc4 Ra8 30. Bxd5 Rxa6 31. Bxc6 Ndc5 32. Re1 Ra7 0-1

[Event "Titled Tue 1st Jul Late"]
[Site "chess.com INT"]
[Date "2025.07.01"]
[Round "1"]
[White "Feng, Eric"]
[Black "Karas, Eugenia"]
[Result "0-1"]
[BlackTitle "WFM"]
[WhiteElo "2194"]
[BlackElo "2124"]
[WhiteFideId "30952590"]
[BlackFideId "463485"]
[EventDate "2025.07.01"]

1. d4 Nf6 2. c4 b6 3. Nf3 Bb7 4. g3 e6 5. Bg2 Be7 6. O-O O-O 7. Nc3 d5 8. cxd5
Nxd5 9. Nxd5 Bxd5 10. Bf4 Nd7 11. Rc1 c5 12. a3 cxd4 13. Nxd4 Bxg2 14. Kxg2 Nc5
15. Nc6 Qe8 16. Nxe7+ Qxe7 17. b4 Qb7+ 18. f3 Rfd8 19. Qc2 Nd7 20. Qb2 Rac8 21.
Rfd1 b5 22. Rc2 Nb6 23. Rcd2 Rxd2 24. Qxd2 h6 25. Qd3 Nc4 26. Qd7 Qxd7 27. Rxd7
Nxa3 28. Rxa7 Nc2 29. Bd6 Rc4 30. Rb7 Nxb4 31. Rxb5 Nd5 32. e4 Rc2+ 33. Kh3 Ne3
34. Rb1 Nc4 35. Bf4 e5 36. Bc1 Nd2 37. Bxd2 Rxd2 38. Rb5 f6 39. Rb7 Rf2 40. Kg4
Rxh2 41. Kf5 Rh5+ 42. Ke6 Rh3 43. Rb8+ Kh7 44. Kf7 Rxg3 45. Rb1 Rxf3 46. Rg1 g5
47. Rb1 h5 48. Rb8 h4 49. Rg8 h3 50. Rg7+ Kh6 51. Rg8 Kh5 52. Rh8+ Kg4 53. Kg6
Kg3 0-1

[Event "Titled Tue 1st Jul Late"]
[Site "chess.com INT"]
[Date "2025.07.01"]
[Round "1"]
[White "Ribeiro, Gustavo"]
[Black "Hilwerda, Jonas"]
[Result "1-0"]
[WhiteTitle "FM"]
[BlackTitle "FM"]
[WhiteElo "2314"]
[BlackElo "2254"]
[WhiteFideId "1941852"]
[BlackFideId "1046713"]
[EventDate "2025.07.01"]

1. e4 c5 2. g3 Nc6 3. Bg2 g6 4. Nc3 Bg7 5. Nge2 Nf6 6. O-O O-O 7. d3 d6 8. h3
Rb8 9. a4 b6 10. Be3 Bb7 11. Qd2 e6 12. Bh6 d5 13. Bxg7 Kxg7 14. exd5 exd5 15.
d4 cxd4 16. Nxd4 Ne4 17. Nxc6 Nxd2 18. Nxd8 Rbxd8 19. Rfd1 Ne4 20. Ne2 Rfe8 21.
Nd4 Kf6 22. a5 Nc5 23. axb6 axb6 24. Ra7 Ra8 25. Rda1 Rxa7 26. Rxa7 Re1+ 27. Kh2
Rb1 28. b3 Rb2 29. f4 Bc8 30. g4 Be6 31. Kg3 h6 32. h4 Ne4+ 33. Bxe4 dxe4 34.
g5+ hxg5 35. hxg5+ Kg7 36. Nxe6+ Kg8 37. Nd4 e3 38. Kf3 1-0

[Event "Titled Tue 1st Jul Late"]
[Site "chess.com INT"]
[Date "2025.07.01"]
[Round "1"]
[White "Vetokhin, Savva"]
[Black "Aaron, Deepak"]
[Result "1-0"]
[WhiteTitle "GM"]
[WhiteElo "2570"]
[BlackElo "2318"]
[WhiteFideId "44144474"]
[BlackFideId "2009412"]
[EventDate "2025.07.01"]

1. d4 e6 2. c4 f5 3. Nc3 Nf6 4. g3 Bb4 5. Bg2 Bxc3+ 6. bxc3 O-O 7. Nf3 Nc6 8. h4
Rb8 9. h5 Na5 10. h6 g6 11. Nd2 b6 12. Ba3 Re8 13. O-O Ba6 14. Qa4 d6 15. Bb4
Nxc4 16. Qxa6 Nxd2 17. Rfd1 Nde4 18. c4 Ng4 19. f3 Nxg3 20. fxg4 fxg4 21. c5 b5
22. Rd2 Qg5 23. Qa3 Nf5 24. cxd6 cxd6 25. e4 Nh4 26. Qg3 Rf8 27. Rd3 Rbd8 28.
Bd2 Qh5 29. Bh1 Rf7 30. Rf1 Rxf1+ 31. Kxf1 Rf8+ 32. Ke2 d5 33. Qe5 Nf5 34. exf5
g3+ 35. Bf3 Qh2+ 36. Kd1 Qg1+ 37. Be1 1-0

[Event "Titled Tue 1st Jul Late"]
[Site "chess.com INT"]
[Date "2025.07.01"]
[Round "1"]
[White "Gogolev, Artem"]
[Black "Romero Ruscalleda, Josep"]
[Result "1-0"]
[WhiteTitle "IM"]
[BlackTitle "FM"]
[WhiteElo "2240"]
[BlackElo "2110"]
[WhiteFideId "4116615"]
[BlackFideId "2231859"]
[EventDate "2025.07.01"]

1. d4 g6 2. e4 Bg7 3. Nf3 d6 4. Bd3 a6 5. O-O b5 6. a4 b4 7. c3 bxc3 8. bxc3 Nf6
9. Re1 O-O 10. Nbd2 Nc6 11. Nc4 Bg4 12. d5 Nb8 13. h3 Bxf3 14. Qxf3 Nbd7 15. Be3
Qc8 16. a5 Rb8 17. Bf1 c6 18. Nb6 Qb7 19. Rab1 Nxb6 20. Rxb6 Qc7 21. dxc6 Rxb6
22. Bxb6 Qxc6 23. Bxa6 Nd7 24. Rb1 Qxc3 25. Qxc3 Bxc3 26. Rc1 Bb4 27. Rc7 Nc5
28. Bc8 Ne6 29. Bxe6 fxe6 30. a6 Bc5 31. Bxc5 dxc5 32. Rxe7 c4 33. Kf1 c3 34.
Ke2 c2 35. Kd2 Rxf2+ 36. Kc1 Rf8 37. a7 Ra8 38. Rb7 1-0

[Event "Titled Tue 1st Jul Late"]
[Site "chess.com INT"]
[Date "2025.07.01"]
[Round "1"]
[White "Shankland, Sam"]
[Black "Frischmann, Rick"]
[Result "1-0"]
[WhiteTitle "GM"]
[BlackTitle "FM"]
[WhiteElo "2666"]
[BlackElo "2355"]
[WhiteFideId "2004887"]
[BlackFideId "24660752"]
[EventDate "2025.07.01"]

1. c4 e5 2. g3 c6 3. Nf3 e4 4. Nd4 d5 5. cxd5 Qxd5 6. Nc2 Nf6 7. Nc3 Qe6 8. Bg2
Bc5 9. b4 Bb6 10. Ne3 O-O 11. Qc2 Re8 12. Bb2 Na6 13. a3 Bd4 14. O-O Nc7 15.
Rab1 Qe5 16. Nc4 Qh5 17. e3 Ng4 18. h3 Ne5 19. Nxe5 Bxe5 20. Nxe4 Bxb2 21. g4
Qg6 22. Rxb2 f5 23. Nc5 fxg4 24. Qxg6 hxg6 25. hxg4 Ne6 26. Nxe6 Bxe6 27. g5 Bc4
28. Rc1 Bd3 29. a4 Rad8 30. f4 a6 31. Kf2 Kf7 32. Rc3 Bf5 33. d4 Re7 34. b5 axb5
35. axb5 cxb5 36. Rxb5 Rdd7 37. Rcb3 Rc7 38. Bd5+ Kf8 39. Rxb7 Rc2+ 40. Kf3 Rc1
41. Rxe7 Kxe7 42. Rb7+ Kd6 43. e4 Rc3+ 44. Kf2 Bg4 45. Rxg7 Rf3+ 46. Kg2 Rxf4
47. Rxg6+ Ke7 48. Kg3 Bh5 49. Rg7+ Kf8 50. Rg8+ 1-0

[Event "Titled Tue 1st Jul Late"]
[Site "chess.com INT"]
[Date "2025.07.01"]
[Round "1"]
[White "Fernandes, Rogerio Paulo Muller"]
[Black "Vykouk, Jan"]
[Result "0-1"]
[BlackTitle "IM"]
[WhiteElo "2241"]
[BlackElo "2490"]
[WhiteFideId "2101599"]
[BlackFideId "349658"]
[EventDate "2025.07.01"]

1. c4 Nf6 2. g3 g6 3. Bg2 Bg7 4. Nf3 O-O 5. O-O d6 6. Nc3 e5 7. d3 c6 8. Rb1 Re8
9. b4 d5 10. Bg5 h6 11. Bxf6 Bxf6 12. Qb3 Be6 13. a4 Na6 14. Nd2 e4 15. cxd5
cxd5 16. Na2 Rc8 17. Rfc1 d4 18. Qa3 e3 19. fxe3 dxe3 20. Ne4 Be7 21. Nc5 Nxc5
22. bxc5 b6 23. Qb2 Rxc5 24. Rxc5 Bxc5 25. Nb4 Bxb4 26. Qxb4 Bd5 27. Bxd5 Qxd5
28. Qf4 Qe5 29. Qxh6 Rc8 30. Rf1 Rc2 31. Re1 Qc3 32. Kf1 Qf6+ 33. Qf4 Qxf4+ 34.
gxf4 Ra2 35. Kg2 Rxa4 36. Kf3 b5 37. Kxe3 b4 38. Rc1 b3 39. Rc8+ Kg7 40. Rb8 Ra3
41. Kd4 a5 42. Kc3 a4 43. e4 Ra2 44. Rb4 Rc2+ 45. Kd4 b2 0-1

[Event "Titled Tue 1st Jul Late"]
[Site "chess.com INT"]
[Date "2025.07.01"]
[Round "1"]
[White "Damaraju, Ashwin"]
[Black "Qiao, Cindy"]
[Result "1-0"]
[BlackTitle "WFM"]
[WhiteElo "2084"]
[BlackElo "1899"]
[WhiteFideId "39908348"]
[BlackFideId "2620243"]
[EventDate "2025.07.01"]

1. e4 e6 2. d4 d5 3. Bd3 dxe4 4. Bxe4 Nf6 5. Bf3 c5 6. Ne2 Be7 7. Nbc3 O-O 8. d5
exd5 9. Nxd5 Nxd5 10. Qxd5 Qa5+ 11. Bd2 Qb6 12. Qb3 Qa6 13. a4 Nc6 14. Qb5 Qb6
15. Bc3 Be6 16. O-O-O Rfc8 17. Kb1 Qc7 18. Ng3 a6 19. Qe2 b5 20. Nh5 Bf8 21. Bg4
Bc4 22. Qf3 Rd8 23. Bf5 Nd4 24. Qg4 Nxf5 25. Nf6+ Kh8 26. Qxf5 g6 27. Nd5+ Bg7
28. Bxg7+ Kxg7 29. Qf6+ 1-0

[Event "Titled Tue 1st Jul Late"]
[Site "chess.com INT"]
[Date "2025.07.01"]
[Round "1"]
[White "Lacasa Diaz, Josep Anton"]
[Black "Pavlov, Nikolay"]
[Result "0-1"]
[WhiteTitle "IM"]
[BlackTitle "FM"]
[WhiteElo "2315"]
[BlackElo "2316"]
[WhiteFideId "2203375"]
[BlackFideId "24141470"]
[EventDate "2025.07.01"]

1. e4 c6 2. d4 d5 3. e5 c5 4. c4 cxd4 5. Nf3 Nc6 6. Nxd4 e6 7. cxd5 Qxd5 8. Nxc6
bxc6 9. Nc3 Qxe5+ 10. Be2 Nf6 11. O-O Be7 12. Qa4 Bd7 13. Bf4 Qf5 14. Bf3 Nd5
15. Nxd5 cxd5 16. Qd4 Bf6 17. Qb4 Be7 18. Bd6 a5 19. Qa3 Qf6 20. Rfe1 Bxd6 21.
Qxd6 Qe7 22. Qxe7+ Kxe7 23. Bxd5 Rac8 24. Bb3 a4 25. Bd1 Rc5 26. b4 Rc3 27. Be2
a3 28. b5 Rc2 29. Bd3 Rd2 30. Red1 Rb2 31. Rdb1 Rc8 32. g3 Kd6 33. Kg2 Rc3 34.
Bf1 Kc5 35. Rxb2 axb2 36. Rb1 Rc2 37. a4 Kb4 38. b6 Bc6+ 39. Kg1 Kxa4 40. Bd3
Rc1+ 0-1

[Event "Titled Tue 1st Jul Late"]
[Site "chess.com INT"]
[Date "2025.07.01"]
[Round "1"]
[White "Uyanga, Byambaa"]
[Black "Ryabukhin, Roman"]
[Result "0-1"]
[WhiteTitle "WFM"]
[BlackTitle "CM"]
[WhiteElo "2006"]
[BlackElo "2236"]
[WhiteFideId "2054906"]
[BlackFideId "24257893"]
[EventDate "2025.07.01"]

1. e4 c5 2. Nf3 Nc6 3. d4 cxd4 4. Nxd4 Nf6 5. Nc3 e5 6. Ndb5 d6 7. Bg5 a6 8. Na3
b5 9. Bxf6 gxf6 10. Nd5 Bg7 11. c4 b4 12. Nc2 a5 13. Nce3 Nd4 14. Bd3 O-O 15.
Qh5 Kh8 16. O-O Ne6 17. Rad1 Nd4 18. b3 a4 19. Nxb4 axb3 20. axb3 Rb8 21. Nbd5
Rxb3 22. Rb1 Rxd3 23. h3 h6 24. Rb6 f5 25. exf5 Nxf5 26. Nxf5 Bxf5 27. Qxf5 Rxd5
28. cxd5 Qxb6 29. Rc1 Qd4 30. Rc8 Qd1+ 31. Kh2 Qxd5 32. g3 Qe6 0-1

[Event "Titled Tue 1st Jul Late"]
[Site "chess.com INT"]
[Date "2025.07.01"]
[Round "1"]
[White "Vila Dupla, Aurelio"]
[Black "Smirnov, Alexandr A."]
[Result "1/2-1/2"]
[WhiteTitle "FM"]
[BlackTitle "FM"]
[WhiteElo "2056"]
[BlackElo "2136"]
[WhiteFideId "2203383"]
[BlackFideId "24104396"]
[EventDate "2025.07.01"]

1. Nf3 Nf6 2. d4 g6 3. g3 Bg7 4. Bg2 O-O 5. O-O d6 6. c4 c5 7. Nc3 Nc6 8. dxc5
dxc5 9. Be3 Be6 10. Qa4 Nd4 11. Rfd1 Ng4 12. Bxd4 cxd4 13. Nd5 b5 14. Qb4 Bxd5
15. cxd5 a5 16. Qxb5 Rb8 17. Qd3 Ne5 18. Nxe5 Bxe5 19. b3 Qd6 20. Rac1 Rfc8 21.
Rc6 Qa3 22. Qc2 Rd8 23. h4 a4 24. Rd3 axb3 25. Rxb3 Rxb3 26. axb3 Kg7 27. h5 Rb8
28. hxg6 hxg6 29. Be4 Qxb3 30. Qxb3 Rxb3 31. Kg2 Rb2 32. Bd3 Bd6 1/2-1/2

[Event "Titled Tue 1st Jul Late"]
[Site "chess.com INT"]
[Date "2025.07.01"]
[Round "1"]
[White "Grzesik, Gracjan"]
[Black "Movahed, Sina"]
[Result "0-1"]
[WhiteTitle "CM"]
[BlackTitle "GM"]
[WhiteElo "2175"]
[BlackElo "2544"]
[WhiteFideId "1194593"]
[BlackFideId "42520835"]
[EventDate "2025.07.01"]

1. c4 Nf6 2. Nc3 g6 3. g3 Bg7 4. Bg2 O-O 5. d4 d6 6. e4 e5 7. Nge2 exd4 8. Nxd4
Nbd7 9. O-O Nc5 10. h3 Re8 11. Re1 h6 12. b3 c6 13. Bb2 a5 14. a3 a4 15. b4 Ne6
16. Nce2 Ng5 17. f3 Nxh3+ 18. Kh2 Ng5 19. Qd2 Bd7 20. Rad1 Qc7 21. Nc2 Nfxe4 22.
fxe4 Bxb2 23. Ncd4 Bxd4 24. Qxd4 Bg4 25. Qxd6 Qxd6 26. Rxd6 Nxe4 27. Rd4 Nf6 28.
Rf4 Rxe2 29. Rxe2 Bxe2 30. Rxf6 Bxc4 31. Rd6 Re8 32. Rd7 Re2 33. Kg1 Ba6 34. Rc7
Ra2 35. Rc8+ Kg7 36. Ra8 Rxa3 37. Bxc6 Rxg3+ 38. Kh2 Rb3 39. b5 Bxb5 40. Bd5 Rd3
41. Bxb7 a3 42. Be4 Re3 43. Bd5 Bd7 44. Ra7 Be6 45. Bxe6 Rxe6 0-1